| 000 | 00576nam a2200205Ia 4500 | ||
|---|---|---|---|
| 005 | 20250508151915.0 | ||
| 008 | 008 250505s9999 xx 000 0 eng d | ||
| 037 | _aBooks to be hide in OPAC | ||
| 040 |
_aFEDL _beng _cFEDL |
||
| 041 |
_aeng _2eng |
||
| 084 |
_a001.42, GEE _qFEDL |
||
| 100 |
_aGee Wilson _9135529 |
||
| 245 | 0 | _aSocial science research methods | |
| 260 |
_aNew York, USA _bAppleton-Century-Crofts _c1950 |
||
| 300 | _avi, 390 | ||
| 365 |
_aINR _b18 |
||
| 650 | _aResearch Methods | ||
| 942 |
_cHB _h001.42, GEE |
||
| 999 |
_c1332859 _d1332859 |
||